00360 2200145 4500001002100000005001500021035002000036245004600056100002400102300001200126260004200138082000800180084001400188990001200202INLIS00000000000183520250508011625 a0010-05250001271 aManajemen Strategi /cBambang Tri Cahyono0 aBambang Tri Cahyono a393 hlm aJakarta :bBadan Penerbit IPWI,c1996 a300 a300 BAM m a0754769